000 00738nam a2200289Ia 4500
005 20260324133110.0
008 008 260324s9999 xx 000 0 eng d
020 _a9781315029023
037 _aEBOOK
040 _aCRL
040 _beng
040 _cCRL
041 _2eng
041 _aeng
084 _qCRL
100 _aZailan Moris
_91191788
245 0 _aRevelation, Intellectual Intuition and Reason in the Philosophy of Mulla Sadra
245 3 _bAn Analysis of the al-hikmah al-'arshiyyah
260 _bTaylor and Francis
260 _c2003
365 _a
365 _b300
856 _uhttp://www.taylorfrancis.com/books/9781315029023
942 _cEBOOK
999 _c1790529
_d1790529